|
|
|
|
| LEADER |
01628cas a2200241 a 4500 |
| 001 |
AALejournalIMF010808 |
| 008 |
230101c9999 xx r poo 0 0eng d |
| 020 |
|
|
|c 5.00 USD
|
| 020 |
|
|
|z 9781451814149
|
| 022 |
|
|
|a 1934-7685
|
| 040 |
|
|
|a BD-DhAAL
|c BD-DhAAL
|
| 110 |
2 |
|
|a International Monetary Fund.
|
| 245 |
1 |
0 |
|a United Kingdom :
|b Selected Issues.
|
| 264 |
|
1 |
|a Washington, D.C. :
|b International Monetary Fund,
|c 2000.
|
| 300 |
|
|
|a 1 online resource (121 pages)
|
| 490 |
1 |
|
|a IMF Staff Country Reports
|
| 500 |
|
|
|a <strong>Off-Campus Access:</strong> No User ID or Password Required
|
| 500 |
|
|
|a <strong>On-Campus Access:</strong> No User ID or Password Required
|
| 506 |
|
|
|a Electronic access restricted to authorized BRAC University faculty, staff and students
|
| 520 |
3 |
|
|a The paper addresses issues that arise in designing a framework for inflation targeting, with particular attention to features of the Bank of England's approach and experience. The comparison of welfare reform in the United Kingdom with similar efforts in other countries is discussed. The paper reviews the recent literature and empirical evidence on the main economic considerations influencing possible U.K. entry into the European Monetary Union (EMU). The U.K. labor market has undergone institutional and structural changes contributing to an increase in both aggregate and relative wage flexibility.
|
| 538 |
|
|
|a Mode of access: Internet
|
| 830 |
|
0 |
|a IMF Staff Country Reports; Country Report ;
|v No. 2000/106
|
| 856 |
4 |
0 |
|z Full text available on IMF
|u http://elibrary.imf.org/view/journals/002/2000/106/002.2000.issue-106-en.xml
|z IMF e-Library
|